00261nam a2200097Ia 4500100002800000654001300028245006300041260003400104082001300138546001200151 aKruse/ Robert & others  aComputer aUncertainity and Vagueness in Knowledge based Systems bSpringer-VerlagaBerlinc1991 a6.3bPAN aENGLISH